Shakespearean structures /

Bibliographic Details
Main Author: Berry, Ralph, 1931-
Format: Book
Language:English
Published: Totowa, N.J. : Barnes & Noble Books, 1981.
Subjects:

MARC

Tag First Indicator Second Indicator Subfields
LEADER 00000cam a2200000 a 4500
001 in00000088829
005 20151008063253.0
008 810910s1981 nju b 00110 eng
010 |a  81155325  
020 |a 0389201731 :  |c $28.50 
035 |a (OCoLC)07753410 
035 |9 AAK1913AM 
039 0 |a 2  |b 3  |c 3  |d 3  |e 3 
040 |a DLC  |c DLC  |d TXA  |d UtOrBLW 
049 |a TXAM  |c [932814] 
050 0 0 |a PR2976  |b .B424 1981 
082 0 |a 822.3/3  |2 19 
100 1 |a Berry, Ralph,  |d 1931- 
245 1 0 |a Shakespearean structures /  |c Ralph Berry. 
264 1 |a Totowa, N.J. :  |b Barnes & Noble Books,  |c 1981. 
300 |a x, 151 pages ;  |c 23 cm. 
336 |a text  |b txt  |2 rdacontent 
337 |a unmediated  |b n  |2 rdamedia 
338 |a volume  |b nc  |2 rdacarrier 
504 |a Includes bibliographical references and index. 
600 1 0 |a Shakespeare, William,  |d 1564-1616  |x Criticism and interpretation. 
999 |a MARS 
999 f f |s 8f31d195-4094-3d24-b208-ca735142f09c  |i 30b54596-ec97-3cca-9867-33bd922e2695  |t 0 
952 f f |p normal  |a Texas A&M University  |b College Station  |c Sterling C. Evans Library  |d Evans: Library Stacks  |t 0  |e PR2976 .B424 1981  |h Library of Congress classification  |i unmediated -- volume  |m A14806184100 
998 f f |a PR2976 .B424 1981  |t 0  |l Evans: Library Stacks